Practical dictionary english to english urdu (Record no. 14298)
[ view plain ]
| 000 -LEADER | |
|---|---|
| fixed length control field | 00250nam a22001097a 4500 |
| 082 ## - DEWEY DECIMAL CLASSIFICATION NUMBER | |
| Classification number | QRI |
| 100 ## - MAIN ENTRY--AUTHOR NAME | |
| Personal name | Qriental Book social |
| 245 ## - TITLE STATEMENT | |
| Title | Practical dictionary english to english urdu |
| 260 ## - PUBLICATION, DISTRIBUTION, ETC. (IMPRINT) | |
| Place of publication | Lahore |
| Name of publisher | Oriental Book |
| 300 ## - PHYSICAL DESCRIPTION | |
| Number of Pages | 673 |
| 942 ## - ADDED ENTRY ELEMENTS (KOHA) | |
| Koha item type | Books |
| Withdrawn status | Lost status | Permanent Location | Current Location | Date acquired | Cost, normal purchase price | Full call number | Accession Number | Koha item type |
|---|---|---|---|---|---|---|---|---|
| Lost and Paid For | Central Library, QUEST, Nawabshah | Central Library, QUEST, Nawabshah | 2015-10-19 | 120.00 | QRI | 12474 | Books |